What's so funny about computers?
Salvato in:
| Autore principale: | |
|---|---|
| Altri autori: | |
| Natura: | Libro |
| Lingua: | inglese |
| Pubblicazione: |
Los Altos
William Kaufmann
1982
|
| Edizione: | 1a. ed |
| Soggetti: | |
| Tags: |
Aggiungi Tag
Nessun Tag, puoi essere il primo ad aggiungerne!!
|
MARC
| LEADER | 00000cam a2200000 a 4500 | ||
|---|---|---|---|
| 001 | UCE3909 | ||
| 003 | CL-VaPUC | ||
| 008 | 141003e19820000us |||||||||||||||||eng|d | ||
| 020 | |a 0865760497 | ||
| 082 | 0 | 4 | |a 601.0207 |b HAR |2 21 |
| 100 | |a Harris, Sidney |e author |9 576450 | ||
| 700 | |a Morgan, Christopher P. |e autor |9 367006 | ||
| 245 | 1 | 0 | |a What's so funny about computers? |
| 250 | |a 1a. ed | ||
| 300 | |a 122 p | ||
| 942 | |c BK | ||
| 945 | |d 20141003 14:17:00 |a arojas | ||
| 260 | |a Los Altos |b William Kaufmann |c 1982 | ||
| 650 | 0 | |a Computadores |9 258188 | |
| 650 | 7 | |a HUMOR |2 CL-VaPUC |9 337105 | |
| 650 | 0 | |a Humor gráfico |9 536655 | |
| 650 | 0 | |a Caricaturas |9 359381 | |
| 583 | |a last modification |c 20141003 14:17:00 |k Rodrigo Vera | ||
| 999 | |c 357026 |d 357024 | ||
| 952 | |0 0 |1 0 |3 erb |4 0 |6 601_020700000000000_HAR_1982 |7 0 |8 A |9 464833 |a BIBCUR |b BIBCUR |i 5116228 |o 601.0207 HAR 1982 |p 5116228 |r 2025-04-22 |w 2019-11-23 |y BK |z Catalogado en:20141003 |k BCB | ||